Les universités allemandes au XXe siècle / (Record no. 50317)

MARC details
000 -LEADER
campo de control de longitud fija 00611nam a2200181 i 4500
001 - NÚMERO DE CONTROL
campo de control 50317
003 - IDENTIFICADOR DE NÚMERO DE CONTROL
campo de control ES-MaACL
005 - FECHA Y HORA DE LA ÚLTIMA TRANSACCIÓN
campo de control 20230906162148.0
007 - CAMPO FIJO DE DESCRIPCIÓN FÍSICA--INFORMACIÓN GENERAL
campo de control de longitud fija t|
008 - DATOS DE LONGITUD FIJA--INFORMACIÓN GENERAL
campo de control de longitud fija 030801s1914 fr ||||1| fre d
100 1# - ENTRADA PRINCIPAL--NOMBRE DE PERSONA
Nombre de persona Cruchet, René.
9 (RLIN) 41765
245 14 - MENCIÓN DEL TÍTULO
Título Les universités allemandes au XXe siècle /
Mención de responsabilidad, etc. René Cruchet ; préfacé de Camille Jullian.
260 ## - PUBLICACIÓN, DISTRIBUCIÓN, ETC.
Lugar de publicación, distribución, etc. Paris :
Nombre del editor, distribuidor, etc. Librairie Armand Colin,
Fecha de publicación, distribución, etc. 1914 (
Lugar de fabricación/manufactura Evreux :
Fabricante Ch. Herissey)
300 ## - DESCRIPCIÓN FÍSICA
Extensión XCI, 450 p. ;
Dimensiones 19 cm.
650 #4 - PUNTO DE ACCESO ADICIONAL DE MATERIA--TÉRMINO DE MATERIA
Término de materia o nombre geográfico como elemento de entrada Universidades-
Subdivisión geográfica Alemania-
Subdivisión de forma Historia.
9 (RLIN) 159220
700 1# - ENTRADA AGREGADA--NOMBRE PERSONAL
Nombre de persona Jullian, Camille (
Fechas asociadas al nombre 1859-1933)
9 (RLIN) 67255
852 ## - LOCALIZACIÓN
Ubicación ES-MaACL
Número de control de estantería F-6785
Holdings
Estatus retirado Estado de pérdida Estado de daño No para préstamo Biblioteca de origen Biblioteca actual Ubicación en estantería Fecha de adquisición Fuente de adquisición Total de préstamos Signatura topográfica completa Código de barras Visto por última vez Precio de reemplazo Tipo de ítem Koha
        Biblioteca del Ateneo de Madrid Biblioteca del Ateneo de Madrid Depósito 2 17/01/2008     F-6785 1052926 23/02/2023 23/02/2023 Libro impreso